<?xml version="1.0" encoding="UTF-8"?>
<record
    xmlns:xsi="http://www.w3.org/2001/XMLSchema-instance"
    xsi:schemaLocation="http://www.loc.gov/MARC21/slim http://www.loc.gov/standards/marcxml/schema/MARC21slim.xsd"
    xmlns="http://www.loc.gov/MARC21/slim">

  <leader>00677ngm a22001577a 4500</leader>
  <controlfield tag="008">110711s2005    cau|||||s|||| 00| 0 eng d</controlfield>
  <datafield tag="082" ind1=" " ind2=" ">
    <subfield code="2">22</subfield>
    <subfield code="a">327.62</subfield>
    <subfield code="b">&#x647; &#x64A; &#x643;</subfield>
  </datafield>
  <datafield tag="245" ind1="0" ind2="0">
    <subfield code="a">&#x645;&#x639; &#x647;&#x64A;&#x643;&#x644;</subfield>
    <subfield code="h">[&#x62A;&#x633;&#x62C;&#x64A;&#x644; &#x645;&#x631;&#x626;&#x64A;].</subfield>
  </datafield>
  <datafield tag="260" ind1=" " ind2=" ">
    <subfield code="a">&#x643;&#x627;&#x644;&#x64A;&#x641;&#x648;&#x631;&#x646;&#x64A;&#x627; :</subfield>
    <subfield code="b">&#x627;&#x644;&#x634;&#x631;&#x643;&#x629; &#x627;&#x644;&#x645;&#x62A;&#x62D;&#x62F;&#x629; &#x644;&#x644;&#x625;&#x646;&#x62A;&#x627;&#x62C; &#x627;&#x644;&#x625;&#x639;&#x644;&#x627;&#x645;&#x64A;&#x60C; 2005</subfield>
    <subfield code="c">2005</subfield>
  </datafield>
  <datafield tag="300" ind1=" " ind2=" ">
    <subfield code="a">4 &#x642;&#x631;&#x635; &#x636;&#x648;&#x626;&#x64A; &#x645;&#x644;&#x64A;&#x632;&#x631; (1040&#x62F;&#x642;( :</subfield>
    <subfield code="b">&#x631;&#x642;&#x645;&#x64A; &#x61B;</subfield>
    <subfield code="c">4 3/4 &#x628;&#x648;</subfield>
  </datafield>
  <datafield tag="505" ind1=" " ind2=" ">
    <subfield code="a">&#x62C;1&#x60C; &#x627;&#x644;&#x62D;&#x644;&#x642;&#x627;&#x62A; &#x645;&#x646; 1-5 -- &#x62C;1&#x60C; &#x627;&#x644;&#x62D;&#x644;&#x642;&#x627;&#x62A; &#x645;&#x646; 6-10</subfield>
  </datafield>
  <datafield tag="651" ind1=" " ind2=" ">
    <subfield code="9">21491</subfield>
    <subfield code="a">&#x645;&#x635;&#x631;</subfield>
    <subfield code="x">&#x627;&#x644;&#x639;&#x644;&#x627;&#x642;&#x627;&#x62A; &#x627;&#x644;&#x62E;&#x627;&#x631;&#x62C;&#x64A;&#x629;</subfield>
  </datafield>
  <datafield tag="653" ind1=" " ind2=" ">
    <subfield code="c">July2011</subfield>
  </datafield>
  <datafield tag="710" ind1=" " ind2=" ">
    <subfield code="9">26263</subfield>
    <subfield code="a">&#x627;&#x644;&#x634;&#x631;&#x643;&#x629; &#x627;&#x644;&#x645;&#x62A;&#x62D;&#x62F;&#x629; &#x644;&#x644;&#x625;&#x646;&#x62A;&#x627;&#x62C; &#x627;&#x644;&#x625;&#x639;&#x644;&#x627;&#x645;&#x64A;</subfield>
  </datafield>
  <datafield tag="942" ind1=" " ind2=" ">
    <subfield code="2">ddc</subfield>
    <subfield code="c">CDVDDOC</subfield>
  </datafield>
  <datafield tag="999" ind1=" " ind2=" ">
    <subfield code="c">15673</subfield>
    <subfield code="d">15673</subfield>
  </datafield>
  <datafield tag="952" ind1=" " ind2=" ">
    <subfield code="0">0</subfield>
    <subfield code="1">0</subfield>
    <subfield code="2">ddc</subfield>
    <subfield code="4">0</subfield>
    <subfield code="7">0</subfield>
    <subfield code="a">MAIN</subfield>
    <subfield code="b">MAIN</subfield>
    <subfield code="c">1ST</subfield>
    <subfield code="d">2011-07-11</subfield>
    <subfield code="e">Purchase</subfield>
    <subfield code="l">0</subfield>
    <subfield code="o">327.62 &#x647; &#x64A; &#x643;</subfield>
    <subfield code="p">000006095</subfield>
    <subfield code="r">2022-08-24 00:00:00</subfield>
    <subfield code="w">2011-07-11</subfield>
    <subfield code="y">CDVDDOC</subfield>
    <subfield code="z">2 DVDs</subfield>
  </datafield>
  <datafield tag="952" ind1=" " ind2=" ">
    <subfield code="0">0</subfield>
    <subfield code="1">0</subfield>
    <subfield code="2">ddc</subfield>
    <subfield code="4">0</subfield>
    <subfield code="7">0</subfield>
    <subfield code="a">MAIN</subfield>
    <subfield code="b">MAIN</subfield>
    <subfield code="c">1ST</subfield>
    <subfield code="d">2011-07-11</subfield>
    <subfield code="e">Purchase</subfield>
    <subfield code="l">0</subfield>
    <subfield code="o">327.62 &#x647; &#x64A; &#x643;</subfield>
    <subfield code="p">000024333</subfield>
    <subfield code="r">2022-08-24 00:00:00</subfield>
    <subfield code="w">2011-07-11</subfield>
    <subfield code="y">CDVDDOC</subfield>
    <subfield code="z"> 2 DVDs</subfield>
  </datafield>
</record>
